| 000 | 01344nam a2200277Ia 4500 | ||
|---|---|---|---|
| 003 | PE SENCICO BE | ||
| 005 | 20251020182431.0 | ||
| 008 | 200515s9999 xx 000 0 und d | ||
| 020 | _a978-84-935881-2-0 | ||
| 040 |
_aPE SENCICO BE _cPE SENCICO BE |
||
| 041 | _aspa | ||
| 082 |
_a729 _bC71 |
||
| 100 | 1 |
_aColes, John _eautor |
|
| 245 | 1 | 0 |
_aFundamentos de arquitectura de interiores / _cJohn Coles, Naomi House |
| 250 | _a1a ed. | ||
| 260 |
_aBarcelona : _bPromopress ; _c2008 |
||
| 300 |
_a176 p. : _bil., graf. ; _c23 cm. |
||
| 505 | 0 | _aEspacio y lugar -- Elementos y composición del espacio interior -- Análisis del entorno -- Tipos de interiores -- Comprender el interior -- Elección de materiales -- Percepción de cualidades -- Materiales arquitectónicos -- Entender la luz -- Utilización de la luz -- Calcular la iluminación -- Etapas claves del diseño -- Representación del diseño. | |
| 520 | 3 | _aOfrece una introducción a los aspectos clave de la arquitectura y el diseño de interiores, así como a las técnicas y el lenguaje que se emplean para presentar proyectos profesionales. | |
| 650 | 1 | 0 |
_aArquitectura de interiores _98 |
| 650 | 2 | 0 |
_aDiseño de interiores _944 |
| 650 | 2 | 0 |
_aArquitectura _949 |
| 650 | 2 | 0 |
_aIluminación arquitectónica _9140 |
| 700 | 1 |
_92598 _aHouse, Naomi _eautor |
|
| 942 |
_cLIB _2ddc |
||
| 999 |
_c262 _d262 |
||